Roblox Bee Swarm Simulator Quiz - Statistics

General Stats
  • This quiz has been taken 764 times
  • The average score is 33 of 46
Answer Stats
Rarity Answer % Correct
Common Basic
95%
Event Tabby
82%
Mythic Fuzzy
79%
Legendary Lion
79%
Event Puppy
79%
Rare Rad
79%
Event Bear
78%
Event Cobalt
78%
Legendary Baby
77%
Event Crimson
77%
Epic Demo
77%
Mythic Tadpole
77%
Event Photon
76%
Mythic Vector
76%
Event Vicious
76%
Event Windy
76%
Legendary Diamond
75%
Mythic Spicy
75%
Rare Cool
74%
Mythic Precise
74%
Legendary Music
73%
Epic Bubble
72%
Event Gummy
72%
Rare Bomber
71%
Legendary Carpenter
71%
Epic Fire
70%
Rare Bumble
69%
Event Festive
69%
Epic Bucko
68%
Epic Honey
68%
Mythic Buoyant
67%
Rare Looker
67%
Epic Riley
67%
Legendary Demon
66%
Rare Hasty
65%
Legendary Ninja
65%
Rare Brave
64%
Legendary Shy
64%
Epic Commander
63%
Event Digital
62%
Epic Frosty
61%
Epic Rage
61%
Rare Rascal
61%
Rare Stubborn
59%
Epic Exhausted
58%
Epic Shocked
51%
No matching quizzes found
Score Distribution
Percent of People with Each Score
Percentile by Number Answered
Your Score History
You have not taken this quiz